| 000 | 00817nam a2200241 i 4500 | ||
|---|---|---|---|
| 001 | bg | ||
| 245 | 0 | 0 |
_aMusée d'Orsay - malarstwo / _cMichel Laclotte [et al.] ; przedmowę napisała Françoise Cachin ; [tł. z ang. Halina Andrzejewska]. |
| 260 |
_aWarszawa : _b"Arkady", _c1995 _e(dr. w Hiszpanii). |
||
| 300 |
_a159, [1] s. : _bfot. kolor. ; _c29 cm. |
||
| 504 | _aIndeks. | ||
| 650 | 9 |
_aMalarstwo europejskie _y19-20 w. |
|
| 650 | 9 |
_aMalarstwo europejskie _xmuzealnictwo _xhistoria _zFrancja _y19-20 w. |
|
| 651 | 9 |
_aParyż _xMusée d` Orsay _xzbiory |
|
| 655 | _aAlbumy | ||
| 700 | 1 | _aLACLOTTE, Michel. | |
| 020 | _a8321337414 | ||
| 040 | _cBPK | ||
| 041 | 1 |
_apl _hen |
|
| 080 | _a75.03(4)"18/19"(084.11):069.02(44) | ||
| 920 | _a83-213-3741-4 | ||
| 942 | _cKS | ||
| 008 | s pl f |000 0 pol | ||
| 999 |
_c32296 _d32296 |
||